Peak is back characters - Statistics

General Stats
  • This quiz has been taken 5 times
  • The average score is 25 of 50
Answer Stats
Hint Answer % Correct
Berserk Guts
100%
Undertale Sans
100%
JJK Satoru gojo
100%
My hero academia All might
50%
Amazing world of gumball Anais
50%
Invincible Atom eve
50%
Game bro idk Bayonetta
50%
One punch Black sperm
50%
Mario Bullet bill
50%
One punch Cosmic garou
50%
Geometry dash Cube
50%
Devil may cry Dante
50%
Marvel Deadpool
50%
DOOM Doom slayer
50%
Berserk Femto
50%
Ultrakill Gabriel
50%
Mandela catalog Gabriel
50%
Portal Glados
50%
Half life 2 Gordon freeman
50%
Croods Grug
50%
Pokemon Ho-Oh
50%
Bleach Ichigo kurosaki
50%
X-men Jean grey
50%
God of highschool Jin mori
50%
Lord of the mysteries Klein moretti
50%
Code geass Lelouch
50%
Death note Light yagami
50%
LEGO movie Lord buisness
50%
Death note L (with a gun)
50%
_____ Magica Madoka
50%
Invincible Mark grayson
50%
One piece Monkey D. Luffy
50%
Shadow slave Nephis
50%
Mario Rosalina and luma
50%
JJK Ryomen sukuna
50%
Garys mod Saul goodman nextbot
50%
SCP SCP-999
50%
Deltarune Spamton NEO
50%
Shadow slave Sunny
50%
Hollow knight The hollow knight
50%
___ the tank engine Thomas
50%
Marvel Ultron
50%
Ultrakill V1
50%
Devil may cry Vergil
50%
Minecraft Wither storm
50%
JJK Yuta Okkotsu
50%
Revered insanity Fang yuan
0%
Jojos bizarre adventure Giorno
0%
Naruto Madara uchiha
0%
Vagabond Miyamoto Musashi
0%
No matching quizzes found
Score Distribution
Percent of People with Each Score
Percentile by Number Answered
Your Score History
You have not taken this quiz